Guest service in the hospitality management / (Record no. 364200)
[ view plain ]
| 000 -LEADER | |
|---|---|
| fixed length control field | 00396nam a2200121Ia 4500 |
| 008 - FIXED-LENGTH DATA ELEMENTS--GENERAL INFORMATION | |
| fixed length control field | 200911s9999 xx 000 0 und d |
| 020 ## - INTERNATIONAL STANDARD BOOK NUMBER | |
| International Standard Book Number | 978-1-11-07180-9 |
| 100 ## - MAIN ENTRY--PERSONAL NAME | |
| Personal name | Bagdan, Paul |
| 245 ## - TITLE STATEMENT | |
| Statement of responsibility, etc | Paul Bagdan.-- |
| Title | Guest service in the hospitality management / |
| 260 ## - PUBLICATION, DISTRIBUTION, ETC. (IMPRINT) | |
| Place of publication, distribution, etc | New Jersey : |
| Name of publisher, distributor, etc | John Wiley & Sons, Inc. |
| Date of publication, distribution, etc | 2013 |
| 300 ## - PHYSICAL DESCRIPTION | |
| Extent | xi , 298 pages : |
| Other physical details | illustration ; |
| Dimensions | 24 cm. |
| 650 ## - SUBJECT ADDED ENTRY--TOPICAL TERM | |
| Topical term or geographic name as entry element | Hospitality. |
| Withdrawn status | Lost status | Damaged status | Home library | Current library | Shelving location | Date acquired | Source of acquisition | Total Checkouts | Full call number | Barcode | Date last seen | Price effective from | Koha item type |
|---|---|---|---|---|---|---|---|---|---|---|---|---|---|
| College Library | College Library | General Circulation Section | 09/11/2020 | Library Fund | TX 911.3.P4 .B144 2013 | C22379 | 09/11/2020 | 09/11/2020 | Books |